Normal view
MARC view
- البغض-سيكولوجية الشخصية-علم نفس الافراد
Entry Topical Term
001 - CONTROL NUMBER
- control field: 33593
003 - CONTROL NUMBER IDENTIFIER
- control field: JO-AjAnu
005 - DATE AND TIME OF LATEST TRANSACTION
- control field: 20230606075632.0
008 - FIXED-LENGTH DATA ELEMENTS
- fixed length control field: 230606|| aca||aabn | a|a d
040 ## - CATALOGING SOURCE
- Original cataloging agency: JO-AjAnu
- Transcribing agency: JO-AjAnu
150 ## - HEADING--TOPICAL TERM
- Topical term or geographic name entry element: البغض-سيكولوجية الشخصية-علم نفس الافراد
670 ## - SOURCE DATA FOUND
- Source citation: Work cat.: (JO-AjAnu)17257: ابو اصبع،صالح ، عصفور،محمد ، عبيد الله،محمد ، ربابعة،يوسف/مراجعة وتحرير, author 33592, ثقافة الحب والكراهية:مؤتمر فيلادلفيا الدولي الثالث عشر27-29 تشرين الاول(اكتوبر) 2008 ،بحوث محكمة